000 00403nam a2200181Ia 4500
008 151202s9999||||xx |||||||||||||| ||und||
082 _bPNVM-71397
100 _aROBERTS NORA.
245 _aTable for Two.
260 _b---
260 _c71397
300 _a0
600 _aROBERTS NORA.
630 _aTable for Two.
700 _aROBERTS NORA.
730 _aTable for Two.
942 _cBOOK
999 _c1337996
_d1337993